000 01244nam0a22002891 4500
001 rc\4396661
005 20130416150502.5
021 _aRU
_bП1351-68
035 _a(NLR Aleph) 008296157
090 _a8606941
_c8606941
100 _a20130416d1968 |||y0rusy50 ca
101 0 _arus
102 _aRU
105 _ay z |||||
200 1 _aОпыт эксплуатации коксовых печей большой емкости в Японии
210 _aМосква
_cБ. и.
_d1968
215 _a6 с.
_cграф.
_d26
225 1 _aМинистерство черной металлургии СССР. Центральный научно-исследовательский институт информации и технико-экономических исследований черной металлургии. Информация
_hСерия 10
_iКоксохимическое производство
_v№ 2
300 _aОтпеч. множит. аппаратом
300 _aНа обл. авт. не указан
320 _aБиблиогр.: с. 6
700 1 _aДесенко
_bС. Г.
801 0 _aRU
_bNLR
_gpsbo
801 1 _aRU
_bELAR
_2rusmarc
852 _aNLR
_jП11/1964
942 _cBOOK
980 _aNB